000
00318nam a2200145Ia 4500
005
20250406064103.0
008
240331s9999 xx 000 0 und d
082
_b
SEN
_a
894
100
_a
Sengai, A
245
0
_a
Kaaddaru
260
_a
Colombo
_b
Virakesari
_c
1977
300
_a
244 p .,
650
_a
Noval
942
_c
L
999
_c
4125
_d
4125